[Event "40th Olympiad Open"]
[Site "Istanbul TUR"]
[Date "2012.08.30"]
[Round "3.10"]
[White "Lupulescu, Constantin"]
[Black "Wang, Yue"]
[Result "0-1"]
[WhiteTitle "GM"]
[BlackTitle "GM"]
[WhiteElo "2614"]
[BlackElo "2685"]
[WhiteTeam "Romania"]
[BlackTeam "China"]
[WhiteFideId "1207822"]
[BlackFideId "8601429"]
[EventDate "2012.08.28"]

1. d4 d5 2. c4 c6 3. Nc3 Nf6 4. e3 a6 5. Nf3 b5 6. c5 g6 7. b3 Bg7 8. Bb2 Bg4 9.
h3 Bxf3 10. gxf3 Nbd7 11. f4 Ne4 12. Nxe4 dxe4 13. f3 Nf6 14. Bg2 Nd5 15. Qd2
exf3 16. Bxf3 f5 17. h4 e6 18. O-O-O Bf6 19. h5 g5 20. fxg5 Bxg5 21. Rde1 Qc7
22. Kb1 O-O-O 23. Qd3 Rhf8 24. e4 fxe4 25. Qxe4 Kb7 26. Bg4 Bd2 27. Ref1 Bc3 28.
Qe5 Bxb2 29. Qxc7+ Nxc7 30. Kxb2 Rxf1 31. Rxf1 Rxd4 32. Bd1 b4 33. Kc1 Rd5 34.
Rf7 h6 35. Rh7 Rxc5+ 36. Kd2 Ra5 37. Rxh6 Rxa2+ 38. Bc2 Nb5 39. Kd3 e5 40. Re6
Nd4 41. Re7+ Kb6 42. Bd1 Rh2 43. Rxe5 Rh1 44. Bg4 Nxb3 45. Kc4 Nc5 46. Re8 Rh4
47. Rb8+ Nb7 48. Rg8 a5 49. Rg6 Nc5 50. h6 Ne6 51. h7 Nf8 52. Kd4 0-1

[Event "40th Olympiad Open"]
[Site "Istanbul TUR"]
[Date "2012.08.30"]
[Round "3.13"]
[White "Kramnik, Vladimir"]
[Black "Shirov, Alexei"]
[Result "1/2-1/2"]
[WhiteTitle "GM"]
[BlackTitle "GM"]
[WhiteElo "2797"]
[BlackElo "2706"]
[WhiteTeam "Russia"]
[BlackTeam "Latvia"]
[WhiteFideId "4101588"]
[BlackFideId "2209390"]
[EventDate "2012.08.28"]

1. d4 d5 2. c4 c6 3. Nf3 Nf6 4. Nc3 e6 5. Bg5 h6 6. Bxf6 Qxf6 7. e3 Nd7 8. Be2
Bd6 9. O-O Qe7 10. e4 dxe4 11. Nxe4 Bc7 12. c5 O-O 13. Re1 Ba5 14. Rf1 Bc7 15.
Qc2 e5 16. Bc4 Nf6 17. Nxf6+ Qxf6 18. Nxe5 Bxe5 19. dxe5 Qxe5 20. Rfe1 Qg5 21.
Re3 Bf5 22. Qc3 Bg6 23. Rae1 Rad8 24. Re5 Qd2 25. Re7 b5 26. cxb6 Qxc3 27. bxc3
axb6 28. Rc7 b5 29. Bb3 Rc8 30. Rb7 Rfe8 31. Rxe8+ Rxe8 32. f4 Kh7 33. Kf2 f6
34. Rc7 Be4 35. g4 Bd5 36. h4 Ra8 37. Ke3 Bxb3 38. axb3 Ra3 39. Rxc6 Rxb3 40.
Ke4 b4 41. c4 h5 42. g5 fxg5 43. hxg5 Ra3 44. Rb6 b3 45. f5 h4 46. Rb8 Ra4 47.
Kd4 Ra5 48. c5 Ra4+ 49. Kd5 Rf4 50. Ke6 Re4+ 51. Kd5 Rf4 52. f6 gxf6 53. c6 Rf5+
54. Kd6 Rf1 55. c7 Rc1 56. gxf6 Kg6 57. Rxb3 Kxf6 58. Rb8 Rd1+ 59. Kc6 Rc1+ 60.
Kd7 Kf5 61. c8=Q Rxc8 62. Rxc8 h3 63. Kd6 Kf4 64. Rc3 Kg4 65. Ke5 h2 66. Rc1 Kf3
67. Kf5 Kg2 68. Ke4 h1=Q 1/2-1/2

[Event "40th Olympiad Open"]
[Site "Istanbul TUR"]
[Date "2012.08.30"]
[Round "3.14"]
[White "Leko, Peter"]
[Black "Pelletier, Yannick"]
[Result "1/2-1/2"]
[WhiteTitle "GM"]
[BlackTitle "GM"]
[WhiteElo "2737"]
[BlackElo "2595"]
[WhiteTeam "Hungary"]
[BlackTeam "Switzerland"]
[WhiteFideId "703303"]
[BlackFideId "1301837"]
[EventDate "2012.08.28"]

1. d4 Nf6 2. c4 e6 3. Nc3 Bb4 4. e3 O-O 5. Bd3 c5 6. Nf3 b6 7. O-O Bb7 8. Na4
Na6 9. a3 Ba5 10. b3 d6 11. Bb2 Bc6 12. Nc3 Bxc3 13. Bxc3 Be4 14. Be2 Nc7 15. b4
cxd4 16. exd4 a6 17. Nd2 Bb7 18. Nb3 b5 19. Na5 Rb8 20. Nxb7 Rxb7 21. c5 Nfd5
22. Bb2 Qd7 23. Qd2 Ra8 24. Bf3 Rba7 25. Bc3 Rb8 26. Bb2 Rba8 27. Bc3 Rb8 28.
Bb2 1/2-1/2